Statistiken für Staaten, die ähnlich zu Deutschland sind(Fläche)

Klicken Sie hier um das Quiz zu spielen!

Allgemein

  • Dieses Quiz wurde 91 mal gespielt
  • Das Durchschnittsergebnis liegt bei 6 aus 10

Antwortstatistiken

Fläche in km2Länder% Korrekt
377.915Japan
70%
438.317Irak
67%
338.145Finnland
66%
323.802Norwegen
65%
406.752Paraguay
62%
331.210Vietnam
55%
390.757Simbabwe
48%
446.550Marokko
44%
342.0Republik Kongo
43%
329.847Malaysia
40%

Verteilung der Resultate

Perzentil nach korrekt beantworteten Fragen

Anzahl Personen mit jedem Resultat

Ihre Resultats-Entwicklung

Sie haben dieses Quiz noch nicht gespielt